Berühmte Cartoon Serien #1- Bildquiz - Statistiken

Allgemein
  • Dieses Quiz wurde 7.473 mal gespielt
    5.600 seit der letzten Aktualisierung
  • Das Durchschnittsergebnis liegt bei 10 aus 15
Antwortstatistiken
Bildquiz Antwort % Korrekt
Die Simpsons
96%
SpongeBob Schwammkopf
94%
Mr. Bean
93%
Family Guy
91%
South Park
88%
Rick und Morty
81%
Phineas und Ferb
80%
American Dad
72%
Futurama
65%
BoJack Horseman
54%
Willkommen in Gravity Falls
52%
Adventure Time - Abenteuerzeit mit Finn und Jake
47%
Bobs Burgers
41%
Disenchantment
13%
Steven Universe
13%
Keine übereinstimmenden Quizze gefunden
Verteilung der Resultate
Anzahl Personen mit jedem Resultat
Perzentil nach korrekt beantworteten Fragen
Ihre Resultats-Entwicklung
Sie haben dieses Quiz seit der letzten Aktualisierung nicht gespielt